000 00415cam a22001217a 4500
008 180718b1975 xxu||||| |||| 00| 0 eng d
082 _aA6x73 Is7
245 _aIssues and themes: essays in American history and civilization
_cby the American Associationo for State and Local History
260 _aNew Delhi
_bAmerican Library
_c1975
300 _a287p.
650 _aCivilization - U.S.A.
650 _aU.S.A. - History
999 _c483546
_d483546